000 01908cam a22004577a 4500
999 _c530010
_d530010
001 16449246
003 NUST
005 20191008142728.0
008 100907s2009 dcuak bt 000 0 eng d
010 _a 2009902558
020 _a9780309098342
020 _a0309098343
035 _a(OCoLC)ocn502256082
038 _aMSOHAIL
040 _aTRL
_cTRL
_dJCR
_dOHDOT
_dDLC
042 _alccopycat
043 _an-us---
050 0 0 _aTG320
_b.H86 2009
082 0 0 _a263.12563
_222
100 1 _aHunt, Beatrice E.
_923273
245 1 0 _aMonitoring scour critical bridges /
_cconsultant, Beatrice E. Hunt.
260 _aWashington, D.C. :
_bTransportation Research Board,
_c2009.
300 _a158 p. :
_bill., forms ;
_c28 cm.
490 1 _aNCHRP synthesis,
_x0547-5570 ;
_v396
500 _aAt head of title: National Cooperative Highway Research Program.
500 _a"A synthesis of highway practice."
504 _aIncludes bibliographical references (p. 62-64).
530 _aAlso available online.
536 _aResearch sponsored by the American Association of State Highway and Transportation Officials in cooperation with the Federal Highway Administration
_fNCHRP project 20-5, topic 36-02
650 0 _aScour at bridges
_zUnited States.
_923274
650 7 _aScour.
_2trt
_923275
710 2 _aNational Research Council (U.S.).
_bTransportation Research Board.
_923276
710 2 _aNational Cooperative Highway Research Program.
_920864
710 2 _aAmerican Association of State Highway and Transportation Officials.
_919553
710 1 _aUnited States.
_bFederal Highway Administration.
_920149
830 0 _aSynthesis of highway practice ;
_v396.
_923277
856 4 1 _uhttp://onlinepubs.trb.org/onlinepubs/nchrp/nchrp_syn_396.pdf
906 _a7
_bcbc
_ccopycat
_d2
_eepcn
_f20
_gy-gencatlg
942 _2ddc
_cBK